LEADER 01001nam2 2200289 450 001 000023305 005 20090220092854.0 100 $a20090220g19571958km-y0itay50------ba 101 0 $afre 102 $aFR 105 $ay-------001yy 200 1 $a<>principes de la statistique mathématique$fpar R. Risser et C. E. Traynard 205 $a2. éd. revue et augmentée 210 $aParis$cGauthier-Villars$d1957-1958 215 $a2 v.$d24 cm 327 1 $a1.: Séries statistiques$a2.: Corrélation, séries chronologiques 461 0$1001000023303$a<>principes de la théorie des probabilités$v04 610 1 $aProbabilità$aTeoria 676 $a519.2$v19 700 1$aRisser,$bR.$4070$041283 701 1$aTraynard,$bC.-E.$4070$057183 801 0$aIT$bUNIPARTHENOPE$c200900218$gRICA$2UNIMARC 912 $a000023305 951 $aS 519/20$bS A, 566$cDSA$d2009 951 $aS 519/21$bS A, 569$cDSA$d2009 996 $aPrincipes de la statistique mathématique$9384909 997 $aUNIPARTHENOPE LEADER 02367nam 2200601Ia 450 001 9910784382203321 005 20230421043918.0 010 $a0-8166-8486-3 035 $a(CKB)1000000000347199 035 $a(EBL)310368 035 $a(OCoLC)191952562 035 $a(SSID)ssj0000276701 035 $a(PQKBManifestationID)11228643 035 $a(PQKBTitleCode)TC0000276701 035 $a(PQKBWorkID)10226220 035 $a(PQKB)11135038 035 $a(MiAaPQ)EBC310368 035 $a(MdBmJHUP)muse38776 035 $a(Au-PeEL)EBL310368 035 $a(CaPaEBR)ebr10151135 035 $a(CaONFJC)MIL672442 035 $a(EXLCZ)991000000000347199 100 $a19960321d1996 ub 0 101 0 $aeng 135 $aur|||||||nn|n 181 $ctxt 182 $cc 183 $acr 200 10$aAesthetic ideology$b[electronic resource] /$fby Paul de Man ; ed. with an introd. by Andrzej Warminski 210 $aMinneapolis $cUniversity of Minnesota Press$dc1996 215 $a1 online resource (206 pages) 225 1 $aTheory and history of literature ;$vv. 65 300 $aDescription based upon print version of record. 311 $a0-8166-2204-3 311 $a0-8166-2203-5 320 $aIncludes bibliographical references and index. 327 $aContents; Introduction: Allegories of Reference Andrzej Warminski; The Epistemology of Metaphor; Pascal's Allegory of Persuasion; Phenomenality and Materiality in Kant; Sign and Symbol in Hegel's Aesthetics; Hegel on the Sublime; Kant's Materialism; Kant and Schiller; The Concept of Irony; Reply to Raymond Geuss; Index 330 $aOffers the definitive resource to de Man's thoughts on philosophy, politics, and history. The texts collected here were written or delivered as lectures during the last years of de Man's life, between 1977 and 1983. Many of them have never been available previously in any form. 410 0$aTheory and history of literature ;$vv. 65. 606 $aCriticism 606 $aDeconstruction 615 0$aCriticism. 615 0$aDeconstruction. 676 $a801/.95 700 $aDe Man$b Paul$0220712 701 $aWarminski$b Andrzej$01541130 801 0$bMiAaPQ 801 1$bMiAaPQ 801 2$bMiAaPQ 906 $aBOOK 912 $a9910784382203321 996 $aAesthetic ideology$93854859 997 $aUNINA